[Event "2500+"]
[Site "SchemingMind.com"]
[Date "2024.01.28"]
[Round "-"]
[White "The Chess Machine"]
[Black "Matthew Bailey"]
[Result "1/2-1/2"]
[WhiteCountry "ENG"]
[BlackCountry "ENG"]
[WhiteElo "2518"]
[WhiteRD "65"]
[BlackElo "2538"]
[BlackRD "65"]
[GameID "741882"]

1. e4 e6 2. d4 d5 3. Nd2 c5 4. Ngf3 cxd4 5. Nxd4 Ne7 6. exd5 Nxd5 7. c3 Be7 8. Nc4 O-O 9. Bd3 Nc6 10. Nxc6 bxc6
11. O-O Qc7 12. Qh5 g6 13. Qf3 Bf6 14. Bh6 Bg7 15. Bxg7 Kxg7 16. Rfe1 Bb7 17. Rad1 Rad8 18. Bf1 c5 19. Qe2 Ba6 20. Qe5+ Qxe5
21. Nxe5 Bxf1 22. Kxf1 Kf6 23. Rd3 Nb6 24. Rf3+ Kg7 25. b3 a5 26. c4 Rd6 27. Ke2=
1/2-1/2

[Event "2500+"]
[Site "SchemingMind.com"]
[Date "2024.01.28"]
[Round "-"]
[White "Matthew Bailey"]
[Black "The Chess Machine"]
[Result "1/2-1/2"]
[WhiteCountry "ENG"]
[BlackCountry "ENG"]
[WhiteElo "2538"]
[WhiteRD "65"]
[BlackElo "2518"]
[BlackRD "65"]
[GameID "741883"]

1. Nc3 c6 2. d4 d5 3. Bf4 Nf6 4. e3 Bf5 5. Nf3 e6 6. Ne5 h5 7. Bd3 Nbd7 8. h3 Nxe5 9. Bxe5 Bd6 10. O-O Bxe5
11. dxe5 Nd7 12. f4 Qe7 13. Qe2 Nc5 14. Rad1 Rd8 15. Rd2 Nxd3 16. cxd3 d4 17. Nd1 dxe3 18. Nxe3 Rd4 19. b3 Bg6 20. f5 exf5
21. Nxf5 Bxf5 22. Rxf5 O-O 23. Rxh5 g6 24. Qf2 Rfd8 25. Qg3 Rxd3 26. Rxd3 Rxd3 27. Qxd3 gxh5 28. Qf5=
1/2-1/2

[Event "2500+"]
[Site "SchemingMind.com"]
[Date "2024.02.18"]
[Round "-"]
[White "Juan Jose Rivas Maceda"]
[Black "The Chess Machine"]
[Result "1/2-1/2"]
[WhiteCountry "PER"]
[BlackCountry "ENG"]
[WhiteElo "2534"]
[WhiteRD "58"]
[BlackElo "2518"]
[BlackRD "65"]
[GameID "742408"]

1. e4 e5 2. Nf3 Nf6 3. d4 Nxe4 4. Bd3 d5 5. Nxe5 Nd7 6. Nxd7 Bxd7 7. O-O Bd6 8. Nc3 Nxc3 9. bxc3 O-O 10. Qh5 f5
11. Bg5 Qe8 12. Qf3 Qg6 13. Bd2 Kh8 14. Rfb1 b6 15. Bf4 Rae8 16. h3 Re7 17. Re1 Rfe8 18. Rxe7 Rxe7 19. Rd1 Bxf4 20. Qxf4 Qc6
21. g3 Kg8 22. Qg5 Rf7 23. Re1 Qxc3 24. Re5 Qc6 25. Bxf5 Rxf5 26. Rxf5 Bxf5 27. Qxf5 g6 28. Qe5=
1/2-1/2

[Event "2500+"]
[Site "SchemingMind.com"]
[Date "2024.02.18"]
[Round "-"]
[White "The Chess Machine"]
[Black "Juan Jose Rivas Maceda"]
[Result "1/2-1/2"]
[WhiteCountry "ENG"]
[BlackCountry "PER"]
[WhiteElo "2518"]
[WhiteRD "65"]
[BlackElo "2534"]
[BlackRD "58"]
[GameID "742409"]

1. d4 d5 2. Nc3 Nf6 3. Bf4 g6 4. e3 Bg7 5. h4 h5 6. Nf3 O-O 7. Ne5 c5 8. Qd2 cxd4 9. exd4 Nc6 10. f3 Bf5
11. Bb5 Rc8 12. Bxc6 bxc6 13. Na4 Ne8 14. g4 hxg4 15. O-O-O Bxe5 16. Bxe5 f6 17. fxg4 Bxg4 18. h5 g5 19. Qd3 Ng7 20. h6 Ne6
21. Nc5 Kh8 22. Rdg1 fxe5 23. Rxg4 Nf4 24. Qe3 Rf5 25. dxe5 Qb6 26. a3 Rb8 27. b4 Rg8 28. h7 Rg7 29. Kb2 a5=
1/2-1/2

[Event "2500+"]
[Site "SchemingMind.com"]
[Date "2024.02.18"]
[Round "-"]
[White "Juan Jose Rivas Maceda"]
[Black "Matthew Bailey"]
[Result "1/2-1/2"]
[WhiteCountry "PER"]
[BlackCountry "ENG"]
[WhiteElo "2534"]
[WhiteRD "58"]
[BlackElo "2538"]
[BlackRD "65"]
[GameID "742410"]

1. e4 e5 2. Nf3 Nc6 3. Bc4 Nf6 4. d3 Bc5 5. c3 d6 6. O-O a6 7. a4 Ba7 8. h3 O-O 9. Re1 Be6 10. Bxe6 fxe6
11. Be3 Bxe3 12. Rxe3 d5 13. Nbd2 d4 14. Re1 dxc3 15. bxc3 Qxd3 16. Qb3 Qd6 17. Nc4 Qc5 18. Nb2 Rfe8 19. Nd3 Qb6 20. Qa2 Rad8
21. Rab1 Qa7 22. Re3 Nd7 23. Ng5 Nf8 24. c4 a5 25. Qb2 Nd7 26. Nf3 Nc5 27. Ndxe5=
1/2-1/2

[Event "2500+"]
[Site "SchemingMind.com"]
[Date "2024.02.18"]
[Round "-"]
[White "Matthew Bailey"]
[Black "Juan Jose Rivas Maceda"]
[Result "1/2-1/2"]
[WhiteCountry "ENG"]
[BlackCountry "PER"]
[WhiteElo "2538"]
[WhiteRD "65"]
[BlackElo "2534"]
[BlackRD "58"]
[GameID "742411"]

1. e4 c5 2. Nf3 d6 3. Bb5+ Nd7 4. c3 Nf6 5. Qe2 a6 6. Ba4 b5 7. Bc2 e6 8. d4 Bb7 9. O-O Be7 10. Re1 Qc7
11. Bd3 O-O 12. Nbd2 cxd4 13. cxd4 e5 14. b3 exd4 15. Bb2 Rfe8 16. Rac1 Qd8 17. Bxd4 Bf8 18. a4 bxa4 19. bxa4 Nd5 20. Qd1 Nb4
21. Bc4 d5 22. exd5 Bxd5=
1/2-1/2

[Event "2500+"]
[Site "SchemingMind.com"]
[Date "2024.03.01"]
[Round "-"]
[White "Keithk"]
[Black "The Chess Machine"]
[Result "1/2-1/2"]
[WhiteCountry "ENG"]
[BlackCountry "ENG"]
[WhiteElo "2548"]
[WhiteRD "66"]
[BlackElo "2522"]
[BlackRD "72"]
[GameID "742803"]

1. d4 Nf6 2. Nf3 d5 3. c4 e6 4. Nc3 c6 5. Bg5 h6 6. Bh4 dxc4 7. e4 g5 8. Bg3 b5 9. Be2 Bb7 10. h4 Rg8
11. hxg5 hxg5 12. e5 Nd5 13. Nd2 Nd7 14. Rh7 Nxc3 15. bxc3 c5 16. Rb1 Qc7 17. Bh5 Rg7 18. Rxg7 Bxg7 19. Qg4 O-O-O 20. Bxf7 cxd4
21. cxd4 c3 22. Bxe6 cxd2+ 23. Kxd2 Qa5+ 24. Kd3 Qa3+ 25. Rb3 Qa6 26. Rb2 Bxg2 27. Rc2+ Kb7 28. f3 Bf1+ 29. Ke3 Qa3+ 30. Kf2 Bd3
31. Qxg5 Bxc2 32. Qxd8 Nb6 33. Bc8+ Nxc8 34. Qd7+ Kb6=
1/2-1/2

[Event "2500+"]
[Site "SchemingMind.com"]
[Date "2024.03.24"]
[Round "-"]
[White "Juan Jose Rivas Maceda"]
[Black "frankly"]
[Result "1/2-1/2"]
[WhiteCountry "PER"]
[BlackCountry "ENG"]
[WhiteElo "2547"]
[WhiteRD "65"]
[BlackElo "2552"]
[BlackRD "70"]
[GameID "743283"]

1. Nf3 d5 2. d4 e6 3. Bf4 c5 4. e3 Nf6 5. Nbd2 Qb6 6. Rb1 cxd4 7. exd4 Bd7 8. h4 Bb5 9. c3 Nbd7 10. h5 h6
11. Ne5 Be7 12. Nxd7 Nxd7 13. Qg4 Bxf1 14. Nxf1 Bf8 15. Nd2 Bd6 16. Bxd6 Qxd6 17. Rh3 Ke7 18. Rf3 Rhg8 19. Qh4+ Nf6 20. Nf1 Ke8
21. Rd1 Rc8 22. a3 a5 23. Ne3 Qe7 24. Qh2 b5 25. Kf1 Ne4 26. Kg1 f6 27. Re1 Qc7 28. Ng4 Qxh2+ 29. Kxh2 Kd7 30. Rfe3 Nd6
31. f3 Nc4 32. R3e2 Rge8 33. Nf2 e5 34. Nd3 exd4 35. Nc5+ Rxc5 36. Rxe8 d3 37. R1e7+ Kd6 38. Re6+ Kc7 39. R8e7+=
1/2-1/2

[Event "2500+"]
[Site "SchemingMind.com"]
[Date "2024.03.24"]
[Round "-"]
[White "frankly"]
[Black "Juan Jose Rivas Maceda"]
[Result "1/2-1/2"]
[WhiteCountry "ENG"]
[BlackCountry "PER"]
[WhiteElo "2552"]
[WhiteRD "70"]
[BlackElo "2547"]
[BlackRD "65"]
[GameID "743284"]

1. e4 e5 2. Nf3 Nf6 3. Nxe5 d6 4. Nf3 Nxe4 5. d4 d5 6. Bd3 Bd6 7. O-O O-O 8. c4 c6 9. Nc3 Nxc3 10. bxc3 dxc4
11. Bxc4 Bf5 12. Bg5 Qa5 13. Nh4 Be6 14. Bxe6 Qxg5 15. Nf3 Qa5 16. Bb3 Nd7 17. Qd3 Nf6 18. Rae1 Rad8 19. h4 g6 20. g3 Kg7
21. Kg2 c5 22. Rh1 cxd4 23. cxd4 h6 24. Re2 Rfe8 25. Rhe1 Rxe2 26. Rxe2 Rd7 27. Qb1 Qb5 28. Qb2 Rc7 29. Ne5 Ba3 30. Qd2 Bd6
31. Re3 h5 32. Qb2 Re7 33. a4 Qa5 34. Qa1 Ng4 35. Nxg4 hxg4 36. d5+ f6 37. Rxe7+ Bxe7 38. Qd4 Qb6=
1/2-1/2

[Event "2500+"]
[Site "SchemingMind.com"]
[Date "2024.03.22"]
[Round "-"]
[White "The Chess Machine"]
[Black "frankly"]
[Result "1/2-1/2"]
[WhiteCountry "ENG"]
[BlackCountry "ENG"]
[WhiteElo "2522"]
[WhiteRD "72"]
[BlackElo "2555"]
[BlackRD "69"]
[GameID "743285"]

1. d4 Nf6 2. Nc3 d5 3. Bf4 g6 4. e3 Bg7 5. h4 h5 6. Nf3 O-O 7. Ne5 c5 8. Qd2 cxd4 9. exd4 Nc6 10. f3 Nd7
11. Nxd5 Ndxe5 12. dxe5 Bf5 13. O-O-O Rc8 14. Bg5 Bxe5 15. Bc4 Na5 16. Nxe7+ Qxe7 17. Bxe7 Nxc4 18. Qg5 f6 19. Qh6 Rf7 20. g4 hxg4
21. fxg4 Ne3 22. gxf5 Rxc2+ 23. Kb1 Rxb2+ 24. Kc1 Rc2+ 25. Kb1=
1/2-1/2

[Event "2500+"]
[Site "SchemingMind.com"]
[Date "2024.03.22"]
[Round "-"]
[White "frankly"]
[Black "The Chess Machine"]
[Result "1/2-1/2"]
[WhiteCountry "ENG"]
[BlackCountry "ENG"]
[WhiteElo "2555"]
[WhiteRD "69"]
[BlackElo "2522"]
[BlackRD "72"]
[GameID "743286"]

1. e4 e5 2. Nf3 Nc6 3. Bb5 a6 4. Ba4 Nf6 5. O-O Nxe4 6. d4 b5 7. Bb3 d5 8. dxe5 Be6 9. c3 Bc5 10. Nbd2 O-O
11. Bc2 Nxf2 12. Rxf2 f6 13. Nf1 Bxf2+ 14. Kxf2 fxe5 15. Kg1 Qd7 16. a4 Kh8 17. Be3 Bg4 18. Qe1 Bxf3 19. gxf3 e4 20. f4 Rab8
21. Qd1 bxa4 22. Ng3 Rfd8 23. Qh5 Rxb2 24. Bxa4 Qd6 25. Bxc6 Qxc6 26. Bd4 Rdb8 27. f5 Kg8 28. f6 Rb1+ 29. Rxb1 Rxb1+ 30. Kf2 e3+
31. Kf3 g6 32. Qh6 Qd7 33. Qxe3 a5 34. h4 a4 35. h5 Qf7 36. Qe2 c5 37. Bxc5 Qxf6+ 38. Kg2 Kf7 39. Qd2 Rb3 40. Qxd5+ Qe6
41. Qf3+ Qf6 42. Qd5+ Qe6=
1/2-1/2

[Event "2500+"]
[Site "SchemingMind.com"]
[Date "2024.03.23"]
[Round "-"]
[White "frankly"]
[Black "Keithk"]
[Result "1/2-1/2"]
[WhiteCountry "ENG"]
[BlackCountry "ENG"]
[WhiteElo "2526"]
[WhiteRD "74"]
[BlackElo "2531"]
[BlackRD "72"]
[GameID "743287"]

1. e4 e5 2. Nf3 Nc6 3. Bb5 Nf6 4. O-O Nxe4 5. Re1 Nd6 6. Nxe5 Be7 7. Bf1 Nxe5 8. Rxe5 O-O 9. d4 Bf6 10. Re1 Re8
11. c3 Rxe1 12. Qxe1 Ne8 13. Bf4 d5 14. Nd2 Bf5 15. Qe3 Nd6 16. Nf3 h6 17. Re1 Qd7 18. Bxd6 Qxd6 19. Bd3 Bxd3 20. Qxd3 g6
21. g3 c6 22. Qe3 Kg7 23. Kf1 b6 24. Ne5 Bxe5 25. Qxe5+ Qxe5 26. Rxe5 Kf8 27. f4 Re8 28. g4 Rxe5 29. dxe5 Kg7 30. Kg2 f6
31. exf6+ Kxf6 32. Kg3 c5 33. Kf2 Ke6 34. Kf3 Ke7 35. Kf2 Ke6 36. Kf3 Kf6 37. Ke3 h5 38. h3 a6 39. Kf2 Ke6 40. Ke3 Ke7
41. Ke2 Kd6 42. Kf2 Ke6 43. Ke3 Kf7 44. Kf3 Kg7 45. Ke3 Kf7 46. Kf3 Ke7 47. Ke2 Kf6 48. Kd2 Kg7 49. Kd3 Kg8 50. Kd2 Kg7
51. Kd3 Kf7 52. Ke3 Ke6 53. Kd3 Kf7 54. Ke3 Kg8 55. Kf3 Kf7 56. Ke2 Kf6 57. Kf3 Ke6 58. Kf2 Kf6 59. Ke2 Ke6 60. Kf3 Kf7
61. a3 Kf6 62. Kg2 Kf7 63. Kf3 Ke7 64. Ke3 Kf7 65. Kf3 Kf6 66. Ke3 Kf7 67. Kf3 Kf6 68. Ke3 Kf7 69. Kf3 Kf6 70. Ke3 Kf7
71. Kf3 Kf6 72. Ke3 Kf7=
1/2-1/2

[Event "2500+"]
[Site "SchemingMind.com"]
[Date "2024.03.22"]
[Round "-"]
[White "Keithk"]
[Black "frankly"]
[Result "1/2-1/2"]
[WhiteCountry "ENG"]
[BlackCountry "ENG"]
[WhiteElo "2531"]
[WhiteRD "67"]
[BlackElo "2537"]
[BlackRD "74"]
[GameID "743288"]

1. d4 d5 2. Nf3 Nf6 3. Bf4 c5 4. e3 e6 5. c3 Bd6 6. Bb5+ Nc6 7. Bxc6+ bxc6 8. Bxd6 Qxd6 9. Qa4 O-O 10. Nbd2 cxd4
11. cxd4 c5 12. Qa3 Qa6 13. Qxa6 Bxa6 14. dxc5 Rab8 15. Nb3 Bc4 16. Nfd2 Ng4 17. Nxc4 dxc4 18. Na5 Rxb2 19. O-O Rc8 20. Nxc4 Rc2
21. Rac1 Rxc1 22. Rxc1 Rxc5 23. h3 Nf6 24. Rb1 g5 25. Nd6 Rd5 26. Nb5 Rd2 27. Nxa7 Rxa2 28. Nc6 Ne4 29. f3 Nd6 30. e4 Nc4
31. Rb5 h6 32. Ne5 Ne3 33. g4 Ra7 34. Kf2 Nd1+ 35. Ke1 Nc3 36. Rb3 Rc7 37. Kd2 Na4 38. Ke3 Kg7 39. Rb4 Ra7 40. Nd3 Kf6
41. f4 gxf4+ 42. Kxf4 Nc3 43. Ke3 Ra5 44. h4 Nb5 45. e5+ Ke7 46. Nf4 Nc7 47. Kd4 Nb5+ 48. Ke3 Nc7 49. Kd4 Kd8 50. Rb8+ Kd7
51. Rh8 Nd5 52. Nxd5 exd5 53. Rxh6 Ra4+ 54. Kxd5 Rxg4 55. h5 Rh4 56. Rh7 Ke7 57. e6 Rf4 58. Ke5 Rf6 59. exf7 Rxf7 60. Rxf7+ Kxf7
61. Kf5 Kg7 62. Kg5 Kg8 63. h6 Kh8 64. Kg6=
1/2-1/2

[Event "2500+"]
[Site "SchemingMind.com"]
[Date "2024.03.23"]
[Round "-"]
[White "frankly"]
[Black "Matthew Bailey"]
[Result "1/2-1/2"]
[WhiteCountry "ENG"]
[BlackCountry "ENG"]
[WhiteElo "2552"]
[WhiteRD "70"]
[BlackElo "2553"]
[BlackRD "67"]
[GameID "743289"]

1. e4 e5 2. Nf3 Nf6 3. Nxe5 d6 4. Nf3 Nxe4 5. d4 d5 6. Bd3 Bd6 7. O-O O-O 8. c4 c6 9. Nc3 Nxc3 10. bxc3 dxc4
11. Bxc4 Bf5 12. Bg5 Qa5 13. Nh4 Be6 14. Bxe6 Qxg5 15. Nf3 Qa5 16. Bb3 Nd7 17. Qd3 Nf6 18. Rae1 Rae8 19. Re3 Bf4 20. Ree1 g6
21. g3 Bd6 22. Kg2 c5 23. Ne5 Bxe5 24. dxe5 c4 25. Qxc4 Rxe5 26. Qf4 Rf5 27. Qb4 Qa6 28. Re7 Qc6+ 29. Kg1 Nd5 30. Bxd5 Qxd5
31. Qxb7 Qd2 32. Qxa7 Qxc3 33. a4 Rd8 34. Qe3 Qxe3 35. Rxe3 Rd4 36. Ra3 Ra5 37. Rfa1 g5 38. R1a2 g4 39. Ra1 h5 40. R1a2 f5
41. Ra1 f4 42. gxf4 Rxf4 43. Kg2 Kg7 44. Kg3 Rb4 45. Kg2 Kf6 46. R3a2 Kg5 47. Ra3 Kh4 48. Kh1 Kg5 49. Kg2 Kh4 50. Kf1 Kg5
51. Kg2 Kh4
1/2-1/2

[Event "2500+"]
[Site "SchemingMind.com"]
[Date "2024.03.23"]
[Round "-"]
[White "Matthew Bailey"]
[Black "frankly"]
[Result "1/2-1/2"]
[WhiteCountry "ENG"]
[BlackCountry "ENG"]
[WhiteElo "2563"]
[WhiteRD "71"]
[BlackElo "2537"]
[BlackRD "74"]
[GameID "743290"]

1. d4 Nf6 2. c4 e6 3. Nc3 Bb4 4. Nf3 O-O 5. Bg5 c5 6. d5 exd5 7. cxd5 d6 8. e3 h6 9. Bh4 Nbd7 10. Bd3 Qb6
11. O-O Bxc3 12. bxc3 Nxd5 13. Bc2 N5f6 14. Nd2 d5 15. Re1 Re8 16. Rb1 Qc6 17. Ba4 Qa6 18. e4 dxe4 19. Bb5 Qe6 20. Bxf6 Qxf6
21. Nxe4 Qg6 22. f3 Re7 23. Qd5 Re5 24. Qd6 Qxd6 25. Nxd6 Rxe1+ 26. Rxe1 Nf6 27. Bc4 Kf8 28. Bxf7 b6 29. Bd5 Rb8 30. Bc6 Ba6
31. a4 Rd8 32. Nb5 Rc8 33. Be4 Bxb5 34. axb5 c4 35. Ra1 Nxe4 36. fxe4 Rc5 37. Rxa7 Rxb5 38. Rc7 Rb1+ 39. Kf2 b5 40. e5 Rb2+
41. Kf1 Rb1+ 42. Kf2 Rb2+ 43. Kf1 Rb3 44. Rb7 Rxc3 45. Rxb5 Rc2 46. Rb7 g5 47. Rc7 Ke8 48. e6 Kd8 49. e7+ Ke8 50. g4 Kf7
51. Ke1 Rc3 52. Kf2 Rc2+ 53. Kg3 Ke8 54. Kh3 Kf7 55. Kg3 Rc3+ 56. Kg2 Rc1 57. Kg3 Rg1+ 58. Kh3 Rc1 59. Kg3 Rc2 60. Kh3 Rc3+
61. Kg2 Ke8 62. Kf2 Rc1 63. Kg3 Rc3+ 64. Kg2 Rc2+ 65. Kg3 Kf7 66. Kh3 Ke8 67. Kg3 Rc1 68. Kh3 Rc3+ 69. Kg2 Kf7 70. Kf2 Rh3
71. Kg2 Rd3 72. Rxc4 Kxe7 73. Rc6 h5 74. gxh5 Rd4 75. h3 Ra4 76. Rg6 Rh4 77. Rxg5 Kf6 78. Ra5 Kg7 79. Kg3 Rc4 80. Ra6 Kh7
81. h6 Rb4 82. h4 Rc4 83. h5 Rb4 84. Rg6 Ra4 85. Rg4 Rxg4+ 86. Kxg4 Kxh6 87. Kf4 Kxh5
1/2-1/2

[Event "2500+"]
[Site "SchemingMind.com"]
[Date "2024.03.27"]
[Round "-"]
[White "Juan Jose Rivas Maceda"]
[Black "palberto1963"]
[Result "1/2-1/2"]
[WhiteCountry "PER"]
[BlackCountry "ESP"]
[WhiteElo "2547"]
[WhiteRD "65"]
[BlackElo "2537"]
[BlackRD "75"]
[GameID "743378"]

1. e4 c5 2. Nf3 d6 3. d4 cxd4 4. Nxd4 Nf6 5. Nc3 a6 6. Bg5 e6 7. a4 Be7 8. Be2 O-O 9. O-O Nc6 10. Be3 Bd7
11. Nb3 Na5 12. Nxa5 Qxa5 13. Qd2 Rfe8 14. f3 Qc7 15. Bd4 Bc6 16. Rfd1 Rad8 17. a5 Rc8 18. Bb6 Qb8 19. Qf4 Nd7 20. Bf2 Ne5
21. Bd4 Ng6 22. Qe3 h6 23. Ba7 Qa8 24. Qf2 d5 25. exd5 Bxd5 26. Nxd5=
1/2-1/2

[Event "2500+"]
[Site "SchemingMind.com"]
[Date "2024.03.27"]
[Round "-"]
[White "palberto1963"]
[Black "Juan Jose Rivas Maceda"]
[Result "1/2-1/2"]
[WhiteCountry "ESP"]
[BlackCountry "PER"]
[WhiteElo "2537"]
[WhiteRD "75"]
[BlackElo "2547"]
[BlackRD "65"]
[GameID "743379"]

1. d4 d5 2. c4 e6 3. Nf3 Nf6 4. Nc3 Bb4 5. cxd5 exd5 6. Bg5 h6 7. Bh4 O-O 8. e3 Bf5 9. Qb3 Bxc3+ 10. Qxc3 g5
11. Bg3 Ne4 12. Qxc7 Nc6 13. Qxd8 Rfxd8 14. Be2 Rac8 15. O-O h5 16. Ne5 h4 17. Nxc6 Rxc6 18. Be5 f6 19. f3 fxe5 20. fxe4 Bxe4
21. dxe5 Re8 22. Rac1 Rxe5 23. Rxc6 bxc6 24. Rc1 Re6 25. Bg4 Rd6 26. h3 Kf7=
1/2-1/2

[Event "2500+"]
[Site "SchemingMind.com"]
[Date "2024.03.27"]
[Round "-"]
[White "The Chess Machine"]
[Black "palberto1963"]
[Result "1/2-1/2"]
[WhiteCountry "ENG"]
[BlackCountry "ESP"]
[WhiteElo "2523"]
[WhiteRD "76"]
[BlackElo "2537"]
[BlackRD "75"]
[GameID "743380"]

1. d4 d5 2. Nc3 Nf6 3. Bf4 e6 4. e3 Bb4 5. Ne2 O-O 6. a3 Be7 7. Nc1 c5 8. dxc5 Bxc5 9. Nb3 Be7 10. Bd3 Nc6
11. O-O a6 12. h3 e5 13. Bg5 e4 14. Be2 Be6 15. Qd2 h6 16. Bh4 Qd7 17. Na4 Rad8 18. Nac5 Qc7 19. Bg3 Bd6 20. Nxe6 fxe6
21. Nc5 Qe7 22. Bxd6 Rxd6 23. Rad1 Ne5 24. Qb4 b6 25. Nb3 Nh7 26. Nd2 Ng5 27. f4 exf3 28. Bxf3 Rc8 29. Be2 Rxc2 30. Bxa6=
1/2-1/2

[Event "2500+"]
[Site "SchemingMind.com"]
[Date "2024.03.27"]
[Round "-"]
[White "palberto1963"]
[Black "The Chess Machine"]
[Result "1/2-1/2"]
[WhiteCountry "ESP"]
[BlackCountry "ENG"]
[WhiteElo "2537"]
[WhiteRD "75"]
[BlackElo "2523"]
[BlackRD "76"]
[GameID "743381"]

1. d4 e6 2. c4 Nf6 3. Nf3 d5 4. Nc3 c5 5. cxd5 Nxd5 6. e4 Nxc3 7. bxc3 cxd4 8. cxd4 Bb4+ 9. Bd2 Bxd2+ 10. Qxd2 O-O
11. Bc4 Nd7 12. O-O b6 13. Rfe1 Bb7 14. Rad1 Rc8 15. Bb3 Re8 16. h3 Nf6 17. Qf4 Nh5 18. Qe3 Nf6 19. Qd3 a6 20. a4 h6
21. Re3 Qc7 22. Ne5 b5 23. axb5 axb5 24. f4 Qa5 25. d5 Rcd8 26. Rde1 Re7 27. Nf3 exd5 28. e5 Ne4 29. Qd4 Rc8=
1/2-1/2

[Event "2500+"]
[Site "SchemingMind.com"]
[Date "2024.03.28"]
[Round "-"]
[White "frankly"]
[Black "palberto1963"]
[Result "1/2-1/2"]
[WhiteCountry "ENG"]
[BlackCountry "ESP"]
[WhiteElo "2537"]
[WhiteRD "74"]
[BlackElo "2536"]
[BlackRD "75"]
[GameID "743382"]

1. e4 c5 2. Nf3 d6 3. d4 cxd4 4. Nxd4 Nf6 5. Nc3 a6 6. Be3 e5 7. Nb3 Be6 8. f3 h5 9. Be2 Nbd7 10. f4 g6
11. h3 b5 12. a3 Rc8 13. O-O Rxc3 14. bxc3 Nxe4 15. Bf3 Nxc3 16. Qe1 Na4 17. fxe5 dxe5 18. Bc6 Qc7 19. Bxd7+ Bxd7 20. Bd2 Bf5
21. Ba5 Qa7+ 22. Kh1 f6 23. c4 bxc4 24. Qh4 Qf7 25. Nd2 Nc5 26. Nxc4 Be7 27. Bb4 Qe6 28. Ne3 g5 29. Nxf5 gxh4 30. Ng7+ Kf7
31. Nxe6 Kxe6 32. Rab1 Ra8 33. Be1 Ne4 34. Rb6+ Kd5 35. Bxh4 Bc5 36. Rd1+ Bd4 37. Be1 Nd6 38. Bf2 f5 39. Bxd4 exd4 40. Kg1 Nc4
41. Rf6 Ne3 42. Rd2 a5 43. Rf7 Rd8 44. Re7 f4 45. Kf2 Nc4 46. Rd3 a4 47. Rb7 Ke4 48. Rd1 Ne3 49. Re7+ Kd5=
1/2-1/2

[Event "2500+"]
[Site "SchemingMind.com"]
[Date "2024.03.28"]
[Round "-"]
[White "palberto1963"]
[Black "frankly"]
[Result "1/2-1/2"]
[WhiteCountry "ESP"]
[BlackCountry "ENG"]
[WhiteElo "2537"]
[WhiteRD "75"]
[BlackElo "2552"]
[BlackRD "70"]
[GameID "743383"]

1. d4 Nf6 2. c4 e6 3. Nf3 d5 4. Nc3 Bb4 5. cxd5 exd5 6. Bg5 h6 7. Bh4 O-O 8. e3 Bf5 9. Qb3 Bxc3+ 10. Qxc3 g5
11. Bg3 Ne4 12. Qxc7 Nc6 13. Qxd8 Rfxd8 14. Be2 Rac8 15. O-O h5 16. Ne5 h4 17. Nxc6 Rxc6 18. Be5 f6 19. f3 fxe5 20. fxe4 Bxe4
21. dxe5 Re8 22. Rac1 Rxe5 23. Rxc6 bxc6 24. Rc1 Re6 25. Bg4 Rd6 26. Rc3 Kf7 27. Ra3=
1/2-1/2

[Event "2500+"]
[Site "SchemingMind.com"]
[Date "2024.03.27"]
[Round "-"]
[White "Keithk"]
[Black "palberto1963"]
[Result "1/2-1/2"]
[WhiteCountry "ENG"]
[BlackCountry "ESP"]
[WhiteElo "2531"]
[WhiteRD "67"]
[BlackElo "2536"]
[BlackRD "75"]
[GameID "743384"]

1. d4 d5 2. c4 c6 3. Nf3 Nf6 4. Nc3 e6 5. Bg5 h6 6. Bxf6 Qxf6 7. e3 Nd7 8. Be2 g6 9. O-O Bg7 10. cxd5 exd5
11. b4 a6 12. a4 O-O 13. b5 Qd6 14. bxc6 bxc6 15. a5 Rd8 16. Qc1 c5 17. Qa3 Rb8 18. Rfb1 Bf8 19. h3 h5 20. Rc1 Bb7
21. dxc5 Qxc5 22. Qxc5 Nxc5 23. Nd4 Kg7 24. h4 Be7 25. Na4 Nxa4 26. Rxa4 Rbc8 27. Rb1 Rc7 28. g3 Ra8 29. Ra2 Bd8 30. Kg2 Ra7
31. Rab2 Bf6 32. Rb6 Bd8 33. Rd6 Be7 34. Rdb6 Bd8 35. f4 Rd7 36. R6b3 Bxa5 37. f5 Rc7 38. fxg6 Kxg6 39. Bd3+ Kg7 40. Ra3 Bd2
41. Nb5 axb5 42. Rxa7 Bxe3 43. Ra3 b4 44. Rxb4 d4+ 45. Kh3 Bd5 46. Rb5 Bf3 47. Rb1 Bc1 48. Rab3 Bd5 49. Rb5 Bf3 50. Rb6 Be3
51. Kh2 Bd5 52. R6b5 Bf3 53. R5b2 Bd5 54. Rb5 Bf3=
1/2-1/2

[Event "2500+"]
[Site "SchemingMind.com"]
[Date "2024.03.27"]
[Round "-"]
[White "palberto1963"]
[Black "Keithk"]
[Result "1/2-1/2"]
[WhiteCountry "ESP"]
[BlackCountry "ENG"]
[WhiteElo "2536"]
[WhiteRD "75"]
[BlackElo "2531"]
[BlackRD "67"]
[GameID "743385"]

1. d4 Nf6 2. c4 e6 3. Nf3 d5 4. Nc3 c6 5. e3 Nbd7 6. Qc2 Bd6 7. Bd3 dxc4 8. Bxc4 O-O 9. O-O b5 10. Bd3 Bb7
11. a3 a5 12. e4 e5 13. dxe5 Nxe5 14. Nxe5 Bxe5 15. h3 h6 16. Be3 Re8 17. Rfd1 Qc7 18. Ne2 c5 19. Qxc5 Qxc5 20. Bxc5 Bxe4
21. Bxb5 Reb8 22. a4 Bxb2 23. Ra2 Be5 24. Rad2 Rc8 25. Bd6 Bxd6 26. Rxd6 Ne8 27. R6d4 Nf6 28. Ng3 Bc2 29. Rc1 Bb3 30. Rxc8+ Rxc8
31. Rd6 Bc4 32. Nf5 Kh7 33. Ra6 Bxb5 34. axb5 Rc5 35. Nd6 Rd5 36. Kh2 Nd7 37. Nxf7 Rxb5 38. Ra7 Rd5 39. Nd8 a4 40. Rxa4 Nb6
41. Rb4 Rxd8 42. Rxb6 Rd2 43. Kg3 h5 44. Rb5=
1/2-1/2

[Event "2500+"]
[Site "SchemingMind.com"]
[Date "2024.03.27"]
[Round "-"]
[White "Matthew Bailey"]
[Black "palberto1963"]
[Result "1/2-1/2"]
[WhiteCountry "ENG"]
[BlackCountry "ESP"]
[WhiteElo "2553"]
[WhiteRD "67"]
[BlackElo "2537"]
[BlackRD "75"]
[GameID "743386"]

1. e4 c5 2. Nf3 d6 3. Bc4 Nf6 4. d3 Nc6 5. O-O e6 6. a4 Be7 7. Bb3 Na5 8. Ba2 a6 9. c3 b5 10. Nbd2 Bb7
11. Re1 O-O 12. d4 cxd4 13. cxd4 Qc7 14. h3 h6 15. Bb1 Rfc8 16. axb5 axb5 17. Nf1 Bf8 18. Ng3 Qb6 19. Bd3 b4 20. Bf4 Ba6
21. Bxa6 Rxa6 22. Bxd6 Bxd6 23. e5 Bxe5 24. Nxe5 Nb7 25. Rxa6 Qxa6 26. Nh5 Nxh5 27. Qxh5 Nd6 28. Qf3 Qa2 29. Nc6 Rc7 30. b3 Qd2
31. Rd1 Qc3 32. d5 Qxf3 33. gxf3 exd5 34. Nxb4 Rc3=
1/2-1/2

[Event "2500+"]
[Site "SchemingMind.com"]
[Date "2024.03.27"]
[Round "-"]
[White "palberto1963"]
[Black "Matthew Bailey"]
[Result "1/2-1/2"]
[WhiteCountry "ESP"]
[BlackCountry "ENG"]
[WhiteElo "2537"]
[WhiteRD "75"]
[BlackElo "2553"]
[BlackRD "67"]
[GameID "743387"]

1. d4 Nf6 2. c4 e6 3. Nf3 d5 4. Nc3 Bb4 5. cxd5 exd5 6. Bg5 h6 7. Bh4 O-O 8. e3 Bf5 9. Qb3 Bxc3+ 10. Qxc3 g5
11. Bg3 Ne4 12. Qxc7 Nc6 13. Qxd8 Rfxd8 14. Be2 Rac8 15. O-O h5 16. Ne5 h4 17. Nxc6 Rxc6 18. Be5 f6 19. f3 fxe5 20. fxe4 Bxe4
21. dxe5 Re8 22. Rac1 Rxe5 23. Rxc6 bxc6 24. Rf6 c5 25. Ra6 Re7 26. Ra5 c4 27. Bf3 Bxf3 28. gxf3 Rxe3 29. Rxd5 Re1+ 30. Kf2 Rb1
31. Rxg5+ Kf7 32. Rg4 Rxb2+ 33. Ke3 Rxh2 34. Rxc4 Rxa2 35. Rxh4 Ra3+ 36. Kd2=
1/2-1/2

[Event "2500+"]
[Site "SchemingMind.com"]
[Date "2024.03.28"]
[Round "-"]
[White "Juan Jose Rivas Maceda"]
[Black "CapaChess"]
[Result "1/2-1/2"]
[WhiteCountry "PER"]
[BlackCountry "CUB"]
[WhiteElo "2543"]
[WhiteRD "62"]
[BlackElo "2526"]
[BlackRD "67"]
[GameID "743393"]

1. e4 c6 2. d4 d5 3. Nc3 dxe4 4. Nxe4 Nf6 5. Nxf6+ exf6 6. c3 Bd6 7. Bd3 O-O 8. Ne2 Re8 9. Qc2 h5 10. Be3 Nd7
11. O-O Nf8 12. Rfe1 h4 13. h3 Be6 14. Rad1 Qd7 15. Nf4 g6 16. c4 Rad8 17. b3 Qc8 18. Be4 Qc7 19. Ne2 Kg7 20. Nc3 Bb4
21. Bc1 Nh7 22. a3 Bd6 23. Qb2 Bf4 24. d5 cxd5 25. Bxd5 Ng5 26. b4 Qb8 27. Bxe6 Rxd1 28. Rxd1 Bxc1 29. Qxc1=
1/2-1/2